RRIM block planting trials- Early results, potentials and future directions (Record no. 67355)

MARC details
000 -LEADER
fixed length control field 00362nam a2200109Ia 4500
100 ## - MAIN ENTRY--AUTHOR NAME
Personal name Khoo S K
245 #0 - TITLE STATEMENT
Title RRIM block planting trials- Early results, potentials and future directions
260 ## - PUBLICATION, DISTRIBUTION, ETC. (IMPRINT)
Name of publisher Towards Greater viability of the Natural Rubber Industry
650 ## - SUBJECT ADDED ENTRY--TOPICAL TERM
Topical Term Block planting trials
942 ## - ADDED ENTRY ELEMENTS (KOHA)
Koha item type Journals
Holdings
Withdrawn status Lost status Damaged status Not for loan Home library Current library Date acquired Koha item type
      Journals RRII Library RRII Library 17/12/2021 Journals